Afrocuba (Record no. 77689)

MARC details
000 -LEADER
campo de control de longitud fija 00776nam a2200217 i 4500
001 - NÚMERO DE CONTROL
campo de control 77689
003 - IDENTIFICADOR DE NÚMERO DE CONTROL
campo de control ES-MaACL
005 - FECHA Y HORA DE LA ÚLTIMA TRANSACCIÓN
campo de control 20230906173337.0
007 - CAMPO FIJO DE DESCRIPCIÓN FÍSICA--INFORMACIÓN GENERAL
campo de control de longitud fija t|
008 - DATOS DE LONGITUD FIJA--INFORMACIÓN GENERAL
campo de control de longitud fija 041103s1998 pr ||||1| spa d
020 ## - NÚMERO INTERNACIONAL ESTÁNDAR DEL LIBRO
Número Internacional Estándar del Libro 0-8744-0302-9
080 ## - NÚMERO DE LA CLASIFICACIÓN DECIMAL UNIVERSAL
Número de la Clasificación Decimal Universal 821.134.2(729.1).09"19"
245 00 - MENCIÓN DEL TÍTULO
Título Afrocuba
Resto del título : una antología de escritos cubanos sobre raza, política y cultura /
Mención de responsabilidad, etc. Pedro Pérez Sarduy, Jean Stubb, compiladores.
250 ## - MENCION DE EDICION
Mención de edición 1ª ed. en castellano.
260 ## - PUBLICACIÓN, DISTRIBUCIÓN, ETC.
Lugar de publicación, distribución, etc. San Juan de Puerto Rico :
Nombre del editor, distribuidor, etc. Universidad de Puerto Rico,
Fecha de publicación, distribución, etc. 1998.
300 ## - DESCRIPCIÓN FÍSICA
Extensión 310 p. ;
Dimensiones 23 cm.
650 #4 - PUNTO DE ACCESO ADICIONAL DE MATERIA--TÉRMINO DE MATERIA
Término de materia o nombre geográfico como elemento de entrada Literatura cubana-
Subdivisión cronológica S.XX.
9 (RLIN) 14532
700 1# - ENTRADA AGREGADA--NOMBRE PERSONAL
Nombre de persona Pérez Sarduy, Pedro.
9 (RLIN) 91150
700 1# - ENTRADA AGREGADA--NOMBRE PERSONAL
Nombre de persona Stubbs, Jean.
9 (RLIN) 108488
852 ## - LOCALIZACIÓN
Ubicación ES-MaACL
Número de control de estantería E-10220
Sublocalización o colección R.134453
Holdings
Estatus retirado Estado de pérdida Estado de daño No para préstamo Biblioteca de origen Biblioteca actual Ubicación en estantería Fecha de adquisición Fuente de adquisición Total de préstamos Signatura topográfica completa Código de barras Visto por última vez Precio de reemplazo Tipo de ítem Koha
        Biblioteca del Ateneo de Madrid Biblioteca del Ateneo de Madrid Depósito 2 17/01/2008     E-10220 1081279 23/02/2023 23/02/2023 Libro impreso